Využitie dynamických metód na hodnotenie investičných projektov bakalárska práca

Na minha lista:
Detalhes bibliográficos
Autor principal: Majerčák, Peter
Autor Corporativo: Fakulta podnikového manažmentu EU. Katedra podnikových financií
Outros Autores: Kalusová, Lenka, 1987-
Formato: Livro
Idioma:eslovaco
Publicado em: Bratislava 2025
Tags: Adicionar Tag
Sem tags, seja o primeiro a adicionar uma tag!

MARC

LEADER 00000nbm a2200000 4500
001 0312286
005 20260108095314.9
041 0 |a slo 
044 |a SK 
245 1 0 |a Využitie dynamických metód na hodnotenie investičných projektov  |b bakalárska práca  |c Peter Majerčák ; školiteľ: Lenka Kalusová 
264 1 |a Bratislava  |c 2025 
300 |a 46 s. 
100 1 |a Majerčák, Peter 
700 1 |a Kalusová, Lenka, 1987- 
710 2 |a Fakulta podnikového manažmentu EU. Katedra podnikových financií